1355 1710 1142 1056 1451 1611 1989 1360 1396 1024 1661 1177 1086 1166 1473 1308 1944 1800 1628 1938 1823 1819 1774 1353 1441 1522 1215 1300 1244 1595 1065 1545 1923 1096 1200 1630 1581 1835 1628 1524 1564 1171 1745 1082 1938 1706 1581 1012 1595 1053 1142 1818 1132 1078 1839 1830 1648 1183 1473 1381 1943 1414 1339 1026 1536 1729 1764 1402 1198 1657 1081 1440 1488 1122 1890 1372 1592 1355 1213 1864 1462 1429 1138 1122 1310 1373 1265 1122 1437 1715 1748 1158 1874 1269 1896 1838 1725 1584 1096 BCNSPRNW ULIB Ver.6.0+V

เปลี่ยนเป็นภาษาไทย

Change to English
 แสดงรายละเอียดบรรณานุกรม
  กลับหน้าหลัก

Brief Record : Get Marc (ISO 2709) : E-mail record : QR code < ปิดหน้าต่าง
LEADER : 00000nas 2200000uu 4500
001    13399124418
003     ULIB
008    020711s|||| th a 000 0 tha d
022    01257477
110    กรทรวงสาธารณสุข^bกรมควบคุมโรค^bสำนักระบาดวิทยา
245    รายงานการเฝ้าระวังทางระบาดวิทยาประจำสัปดาห์/^cสำนักระบาดวิทยา
260    นนทบุรี :^bสำนักระบาดวิทยา,^cม.ป.ป.
310    ^aรายเดือน
850 ^a ULIB:campus^bปีที่ 46 ฉบับที่ พิเศษ ฉ.1
945    ^p0^l0^i801315
รายการนี้ยังไม่มีแท็ก
คุณยังไม่ได้ล็อกอิน คุณสามารถมีกิจกรรมร่วมกับเว็บไซต์ได้ แต่ต้องล็อกอินก่อน ::
  ล็อกอิน

รายการสื่อสารสนเทศ (วารสาร)

ดูแบบ: กล่อง รายการ
ARRIVED
ปีที่ 46 ฉบับที่ พิเศษ ฉ.1
สถานที่: ห้องสมุดวิทยาเขตนครสวรรค์ >วารสาร

BibComment


ยังไม่เคยถูกคอมเมนท์

คอมเมนท์ทรัพยากรรายการนี้
  คอมเมนท์: รายงานการเฝ้าระวั..


 Copyright 2026. Bcnsprnw @Library